Agnivesa's Caraka saṃhita (Record no. 136729)
[ view plain ]
| 000 -LEADER | |
|---|---|
| fixed length control field | 00986nam a22002417a 4500 |
| 010 ## - LIBRARY OF CONGRESS CONTROL NUMBER | |
| LC control number | 803584 |
| 020 ## - INTERNATIONAL STANDARD BOOK NUMBER | |
| Terms of availability | 75.00 |
| 035 ## - SYSTEM CONTROL NUMBER | |
| System control number | 803584 |
| 037 ## - SOURCE OF ACQUISITION | |
| Source of stock number/acquisition | Cen Lib / Ret |
| 040 ## - CATALOGING SOURCE | |
| Original cataloging agency | DPL |
| Language of cataloging | EN |
| 082 ## - DEWEY DECIMAL CLASSIFICATION NUMBER | |
| Classification number | 615.52 |
| Item number | AGN |
| 100 ## - MAIN ENTRY--PERSONAL NAME | |
| Personal name | Agnivesa's |
| 245 ## - TITLE STATEMENT | |
| Title | Agnivesa's Caraka saṃhita |
| Remainder of title | (text with English translation & critical exposition based on Cakrapāṇi Datta's Āyurveda Dīpikā) / |
| Statement of responsibility, etc | by Agnivesa's ; Ram Karan Sharma [and] Vaidya Bhagwan Das |
| 260 ## - PUBLICATION, DISTRIBUTION, ETC. (IMPRINT) | |
| Place of publication, distribution, etc | Varanasi |
| Name of publisher, distributor, etc | Chowkhamba Sanskrit Series office |
| Date of publication, distribution, etc | 1976 |
| 270 ## - ADDRESS | |
| Address | Chowkhamba Sanskrit Series office |
| City | Varanasi |
| 300 ## - PHYSICAL DESCRIPTION | |
| Extent | (v 1. xlv, 619 ; v 2. 597 ; v 3. xxvii, 632) |
| Other physical details | 24cm(Hb) |
| 505 ## - FORMATTED CONTENTS NOTE | |
| Formatted contents note | v 1. Sotra Sthana ; v 2. Darbhanga - Bihar and Vaidya Bhagwan Dash ; v 3 Chikitsa Sthana Chapters I-XIV |
| 650 ## - SUBJECT ADDED ENTRY--TOPICAL TERM | |
| Topical term or geographic name as entry element | Medicine, Ayurvedic -- Early works to 1800. |
| 650 ## - SUBJECT ADDED ENTRY--TOPICAL TERM | |
| Topical term or geographic name as entry element | Medicine -- India |
| 700 ## - ADDED ENTRY--PERSONAL NAME | |
| Personal name | Sharma, Ram Karan |
| 700 ## - ADDED ENTRY--PERSONAL NAME | |
| Personal name | Dash, Vidya Bhagwan |
| 942 ## - ADDED ENTRY ELEMENTS (KOHA) | |
| Source of classification or shelving scheme | Dewey Decimal Classification |
| Koha item type | English Books |
| Classification part | 615.52 |
| Call number suffix | AGN |
| Withdrawn status | Lost status | Source of classification or shelving scheme | Materials specified (bound volume or other part) | Damaged status | Not for loan | Home library | Current library | Date acquired | Source of acquisition | Total Checkouts | Full call number | Barcode | Date last seen | Copy number | Price effective from | Koha item type | Public note | Cost, normal purchase price | Cost, replacement price |
|---|---|---|---|---|---|---|---|---|---|---|---|---|---|---|---|---|---|---|---|
| Written off | Dewey Decimal Classification | v 1 | Central Library | Central Library | 08/03/2016 | Cen Lib/Ret | 615.52 AGN | 803584 | 08/03/2016 | 1 | 08/03/2016 | English Books | W/d List No. 6878/4 ; dtd 27/08/2022 | ||||||
| v 2 | Central Library | Central Library | 09/03/2016 | Cen Lib/Ret | 615.52 AGN | 977545 | 09/03/2016 | 1 | 09/03/2016 | English Books | 75.00 | 75.00 | |||||||
| Dewey Decimal Classification | v 3 | Central Library | Central Library | 14/03/2016 | Cen Lib/Ret | 615.52 AGN | A-710436 | 14/03/2016 | 1 | 14/03/2016 | English Books | 150.00 | 150.00 |
